| 000 | 00619nam a2200181 i 4500 | ||
|---|---|---|---|
| 001 | 131852 | ||
| 003 | ES-MaACL | ||
| 005 | 20230906194046.0 | ||
| 007 | t| | ||
| 008 | 070214s1930 sp r ||||1| spa d | ||
| 100 | 1 |
_aRodríguez-Moñino, Antonio. _998681 |
|
| 245 | 1 | 0 |
_aAscensio de Morales, cronista de Badajoz _b: notas bibliográficas (1754) / _cAntonio Rodríguez-Moñino. |
| 260 |
_aBadajoz : _bCentro de Estudios Extremeños, _c1930. |
||
| 300 |
_a36 p. ; _c16 x 11 cm. |
||
| 600 | 1 | 4 |
_aMorales, Ascensio de. _9130142 |
| 710 | 2 |
_aCentro de Estudios Extremeños (Badajoz) _92626 |
|
| 852 |
_aES-MaACL _j1684-F-15 |
||
| 999 |
_c131852 _d131852 |
||